| 000 | 01046nam0a2200301 i 4500 | ||
|---|---|---|---|
| 001 | RU\NLR\bibl\1899429 | ||
| 005 | 20240921103750.0 | ||
| 010 |
_a9785699545336 _94000 |
||
| 021 |
_aRU _b2012-14817 _9143д/12 |
||
| 035 | _a(NLR Aleph) 001889070 | ||
| 090 |
_a2894809 _c2894809 |
||
| 100 | _a20120503d2012 u y0rusy50 ca | ||
| 101 | 0 | _arus | |
| 102 | _aRU | ||
| 105 | _ay ||||||||| | ||
| 200 | 1 |
_aШтрафники берут Рейхстаг _iВ "логове зверя" _e[роман] _fРоман Кожухаров |
|
| 210 |
_aМосква _cЭксмо _cЯуза _d2012 |
||
| 215 |
_a316, [2] с. _d21 |
||
| 225 | 1 |
_aВойна _iШтрафбат _iОни сражались за Родину! |
|
| 686 | _aШ6(2=Р)8-440.4Вел.От.в. | ||
| 700 | 1 |
_4070 _7ca _8rus _aКожухаров _bР. Р. _f1974- _gРоман Романович _9196914 _3RU\NLR\AUTH\770196965 |
|
| 801 | 0 |
_aRU _bNLR _c20120503 _gRCR |
|
| 801 | 1 |
_aRU _bNLR _c20120503 |
|
| 942 | _cBOOK | ||
| 980 | _aNBR | ||